Library Banner

(کم وقت زیادہ کامیابی)Kum waqat ziyadah kamyabi (Urdu) (Record no. 71804)

MARC details
000 -LEADER
fixed length control field 00621nam a2200205Ia 4500
001 - CONTROL NUMBER
control field 66976
003 - CONTROL NUMBER IDENTIFIER
control field OSt
005 - DATE AND TIME OF LATEST TRANSACTION
control field 20160504105445.0
008 - FIXED-LENGTH DATA ELEMENTS--GENERAL INFORMATION
fixed length control field 150514s9999 xx 000 0 und d
020 ## - INTERNATIONAL STANDARD BOOK NUMBER
International Standard Book Number NA
040 ## - CATALOGING SOURCE
Transcribing agency PK-LaUMT
082 ## - DEWEY DECIMAL CLASSIFICATION NUMBER
Classification number 158.1
Item number DAR-K
100 ## - MAIN ENTRY--PERSONAL NAME
Personal name Darokast
245 ## - TITLE STATEMENT
Title (کم وقت زیادہ کامیابی)Kum waqat ziyadah kamyabi (Urdu)
Statement of responsibility, etc (ناصر خان، محمد)Darokast|Nasir Khan, Muhammad
260 ## - PUBLICATION, DISTRIBUTION, ETC. (IMPRINT)
Place of publication, distribution, etc لاہور،پاکستان)Lahore,Pakistan:
Name of publisher, distributor, etc (دارالشعور)Dar ul Shaor,
Date of publication, distribution, etc 2013
300 ## - PHYSICAL DESCRIPTION
Extent 320 p.
546 ## - LANGUAGE NOTE
Language note UR
700 ## - ADDED ENTRY--PERSONAL NAME
Personal name Nasir Khan, Muhammad
942 ## - ADDED ENTRY ELEMENTS (KOHA)
Koha item type Books
Source of classification or shelving scheme Dewey Decimal Classification
Holdings
Withdrawn status Lost status Damaged status Not for loan Home library Current library Date acquired Total Checkouts Full call number Barcode Date last seen Date checked out Price effective from Koha item type
        UMT Main Campus UMT Main Campus 2015-05-14 11 158.1 DAR-K 90910 2020-03-13 2020-02-27 2015-05-14 Books